Economics of Indian Railways (Record no. 222891)
[ view plain ]
| 000 -LEADER | |
|---|---|
| fixed length control field | 00567nam a22002057a 4500 |
| 005 - DATE AND TIME OF LATEST TRANSACTION | |
| control field | 20220512101915.0 |
| 008 - FIXED-LENGTH DATA ELEMENTS--GENERAL INFORMATION | |
| fixed length control field | 220512b ||||| |||| 00| 0 eng d |
| 040 ## - CATALOGING SOURCE | |
| Transcribing agency | AL |
| 041 ## - LANGUAGE CODE | |
| Language code of text/sound track or separate title | English |
| 082 ## - DEWEY DECIMAL CLASSIFICATION NUMBER | |
| Edition number | 23 |
| Classification number | 385.0954 |
| Item number | UDDE |
| 100 ## - MAIN ENTRY--PERSONAL NAME | |
| Personal name | Sami Uddin |
| 100 ## - MAIN ENTRY--PERSONAL NAME | |
| 9 (RLIN) | 36247 |
| 245 ## - TITLE STATEMENT | |
| Title | Economics of Indian Railways |
| 260 ## - PUBLICATION, DISTRIBUTION, ETC. | |
| Place of publication, distribution, etc. | Aligarh |
| Name of publisher, distributor, etc. | Faculty of Commerce |
| Date of publication, distribution, etc. | 1988 |
| 300 ## - PHYSICAL DESCRIPTION | |
| Extent | iii,161 p. |
| Other physical details | HB |
| Dimensions | 24.5x16.5 cm. |
| 365 ## - TRADE PRICE | |
| Price amount | ₹165.00 |
| Currency code | ₹ |
| Unit of pricing | ₹165.00 |
| 650 ## - SUBJECT ADDED ENTRY--TOPICAL TERM | |
| Topical term or geographic name entry element | Indian Railways |
| 9 (RLIN) | 36248 |
| 650 ## - SUBJECT ADDED ENTRY--TOPICAL TERM | |
| Topical term or geographic name entry element | Economics |
| 9 (RLIN) | 36249 |
| 700 ## - ADDED ENTRY--PERSONAL NAME | |
| Personal name | UDDIN (Sami) |
| 9 (RLIN) | 36250 |
| 942 ## - ADDED ENTRY ELEMENTS (KOHA) | |
| Source of classification or shelving scheme | Dewey Decimal Classification |
| Koha item type | George Fernandes Collections |
| Withdrawn status | Lost status | Source of classification or shelving scheme | Damaged status | Not for loan | Collection code | Home library | Current library | Date acquired | Total Checkouts | Full call number | Barcode | Date last seen | Price effective from | Koha item type |
|---|---|---|---|---|---|---|---|---|---|---|---|---|---|---|
| Dewey Decimal Classification | Commerce | St Aloysius Library | St Aloysius Library | 03/24/2013 | 385.0954 UDDE | GF01977 | 05/12/2022 | 05/12/2022 | George Fernandes Collections |